Les pays avec les réseaux routiers les plus denses - Statistiques

Statistiques générales
  • Ce quiz a été pris 119 fois
  • Le résultat moyen est 9 sur 20
Statistiques - réponses
km / km2 Pays % Correct
38.2 Monaco
83%
3.21 Japon
81%
4.78 Singapour
77%
5.04 Belgique
76%
3.34 Pays-Bas
76%
4.79 Saint-Marin
70%
2.38 Liechtenstein
63%
10.8 Malte
51%
2.16 Chypre
40%
5.39 Bahreïn
39%
3.72 Barbade
27%
2.01 Dominique
23%
2.15 Slovénie
23%
2.05 Thaïlande
23%
2.65 Antigua-et-Barbuda
22%
2.01 Jamaïque
22%
3.28 Grenade
20%
2.27 Hongrie
17%
2.13 Saint-Vincent-et-ls- Grenadines
15%
11.2 Îles Marshall
11%
Aucun quiz correspondant
Distribution des résultats
% des personnes avec chaque résultat
Percentile par nombre de réponses
Votre historique - résultats
Vous n’avez pas pris ce quiz